Quizzes
Events
Quiz Creation
Community
Videos
Private Events
Remove Ads
Sign In
Join for FREE
Feedback
Dark Mode
Quiz Categories
Sports
Geography
Music
Movies
Television
Just For Fun
Miscellaneous
History
Literature
Language
Science
Gaming
Entertainment
Religion
Holiday
For Kids
Quiz Lab
Recent
Popular Today
Quiz Kudos Today
Editor Picks
Curator Picks
Quizzes by...
Day
Popularity
Type
Ratings
Length
Year
Community
Subscriptions
Recent Discussions
Orange Saloon
Badges
Playlists
Quests
Create
Leaderboards
Showdown
Live 5
Trivia Bingo
Activity
Puzzle Library
Sporcle Events
Private Events
Virtual Trivia
Globe League
Become a Host
Pub Owners
SporcleCon
Opinionation
Our Games
Videos
Blog
Mobile Apps
Partnerships
Remove Ads and Go Orange
Feedback
Television
TV Characters
TV Show
Sitcom
Network
Friends
Reality Shows
Cast
South Park
Star Trek
The Simpsons
Doctor Who
Television
TV Characters
TV Show
Sitcom
Network
Friends
Reality Shows
Cast
South Park
Star Trek
The Simpsons
Doctor Who
Random Quiz
Search Sporcle
×
Quiz Lab
Quiz Lab
Television
Friends
Type in answers that appear in a list
Type in answers that appear in a list
Classic
Best Score? Go Orange.
Recurring names in F.R.I.E.N.D.S Stats
Can you name the the recurring names in F.R.I.E.N.D.S?
By
stewiegriffin
3m
14 Questions
584 Plays
584 Plays
584 Plays
Comments
Comments
Give Quiz Kudos
Give Quiz Kudos
-
- Ratings
hide this ad
Forced Order
Answers have to be entered in order
Answers have to be entered in order
Random Order
Randomize order of answers
Randomize order of answers
Replay
Link that replays current quiz
Next Quiz
Link to next quiz in quiz playlist
You Got
0%
They Got
Avg Score
71%
Avg Friend Score
Upgrade to see
Score Distribution
Jump to the score distribution portion of the page
Score
0/14
Timer
03:00
0
Plays Today
Character 1
Name
% Correct
One of the F.R.I.E.N.D.S
Chandler
92.5%
Ross and Monica's father
Jack
92.3%
Phoebe's birth father
Frank
91.4%
One of the F.R.I.E.N.D.S
Phoebe
90.2%
The name Ross chose for his and Rachel's daughter (some day)
Emily
89%
Joey's stalker
Erica
82.9%
The wine guy
Paul
80.3%
Character 1
Name
% Correct
Phoebe's former singing partner
Leslie
77.9%
Chandler lifted up her skirt during a school play-
'_
_
_
_
_
_
Underpants'
Susie
68.8%
_
_
_
_
_
_
_
_
_
_
_
Hornswoggle
Elizabeth
68.7%
Monica's love interest, composer of 'The Empty Vase'
Julio
57.2%
Phoebe's client with the hairy back
Bob
50.3%
Ross' Valentine's Day date at Hibachi restaurant
Kristen
35.6%
Chandler's boss in advertising
Steve
28.8%
Quiz Playlist
Details
Report
Send in Message
Add To Playlist
Classic:
Type in answers that appear in a list
Forced Order:
Answers have to be entered in order
Random Order:
Randomize order of answers
Last Updated: Feb 16, 2017
Quiz Scoreboard
CHALLENGE
Sign Up to Join the Scoreboard
Show All
Scores
Hide
Comments
May contain spoilers
Recently Published
9x9 Crossword: Cartoon Network
by jackfrog10
Miscellaneous
3m
College Basketball Coaching Resumes
by pancakes188
Sports
9m
Billboard Blitz: Fleetwood Mac
by CooCooCachoo
Music
15s
More to Explore
Quiz From the Vault
Featured Blog Post
Where Did the Easter Bunny Come From?
hide this ad
You Might Also Like...
Tags
Friends Quiz
Friends Characters
Today's Top Quizzes in Television
Browse Television
hide this ad
Today's Top Quizzes in Friends
Browse Friends
Top Contributed Quizzes in Television
1
5-to-1: The Simpsons Families
2
5-to-1: Television Doctors
3
7-to-1: TV Show Settings
4
Adjectives in 00s TV Shows
5
Adjectives in 80s TV Shows
6
5-to-1: Streaming Originals
7
Adjectives in 10s TV Shows
8
Survivor Seasons
9
One Piece Logic Puzzle
10
All US Survivor Seasons in Order
Explore More
Trending Topics
Anime
Crossword
NBA
Marvel
Harry Potter
Disney
Kpop
Country
NFL
The Office
Puzzle
WWE
Soccer
Pokémon
Song
hide this ad
More By:
stewiegriffin
Quiz
Plays
Rating
Category
Featured
Created
Friends: TOW No One's Ready
2,795
3.33
Television
Sep 28, 2010
F.R.I.E.N.D.S: The One with All the Names
1,022
5.00
Television
Feb 18, 2015
Friends: Who Am I?
635
3.50
Television
Oct 1, 2010
Recurring names in F.R.I.E.N.D.S
584
4.20
Television
Oct 23, 2010
Go to Creator's Profile
Score Distribution
Quiz Creator Spotlight
stewiegriffin
Follow
Send a Message
Quizzes Created
-
Created Quiz Play Count
-
More By This Creator
Popular Quizzes Today
1
Find the US States - No Outlines Minefield
2
Find the Countries of Europe - No Outlines Minefield
3
The Countries of the World
4
Find the US States
5
Risky Map Clicking: Biggest States A-Z
6
US States
7
Popular People in 1961
8
Movies - When Are They Set?
More Television Quizzes
TV Debuts: 2007
Published
Trending Quizzes
Risky Map Clicking: Least Populous States A-Z
1-10 Letter G Words
1-10 Letter F Words
Risky Map Clicking: Next State Alphabetically
Adjectives in 80s TV Shows
Recently Updated
Leaping Animals
pecheneg
Reality TV Shows (A-Z)
bhenderson79
Rickey Henderson's Hall of Fame Teammates
pecheneg
Champions League XIs: Arsenal
pecheneg
Quick Pick: Celebrities in WWE's Hall of Fame
aduchscher
A-Z Keypad Blitz II
pecheneg
Multiple Oscar Actors
pecheneg
Mystery Phrase Blitz: Oscar 'Best Actors'
pecheneg
F. Scott Fitzgerald Novels
LTH
Pick 3 Villains
ddd62291
Trending Topics
NBA
Marvel
Kpop
Disney
Anime
Crossword
Harry Potter
Puzzle
Pokémon
Country
The Office
Soccer
Song
NFL
WWE
Your Account Isn't Verified!
In order to create a playlist on Sporcle, you need to verify the email address you used during registration. Go to your
Sporcle Settings
to finish the process.
Report this User
Report this user for behavior that violates our
Community Guidelines
.
Details:
Send Report
Go to the Sporcle.com Mobile Site →
Comments